000 00659nam a2200253 i 4500
001 C2-0274231
003 PPAK
005 20180728003333.0
008 060918s1978 nyua|||| ||||| | eng d
020 _a0590410814
040 _aPPAK
_beng
_cPPAK
_erda
082 0 4 _a428.6
_223
090 0 0 _a428.6
_bAHL
_dK
100 1 _aAhlberg, Janet,
_eauthor
245 1 0 _aEach peach pear plum
264 1 _aNew York :
_bScholastic Inc. ,
_c1978
300 _a[30 pages] :
_billustrations ;
_c19 cm
336 _2rdacontent
_atext
337 _2rdamedia
_aunmediated
338 _2rdacarrier
_avolume
650 1 0 _aReaders.
700 _eauthor
942 _ddc
_cB
999 _c82027
_d82027